Länder mit den wenigsten Minderjährigen - Statistiken

Allgemein
  • Dieses Quiz wurde 116 mal gespielt
    81 seit der letzten Aktualisierung
  • Das Durchschnittsergebnis liegt bei 7 aus 15
Antwortstatistiken
Platz Land Anteil in % % Korrekt
7. Deutschland 12,9
91%
3. Japan 12,5
73%
12. Österreich 14
71%
10. Italien 13,5
61%
4. Südkorea 12,8
60%
1. Monaco 9,4
47%
4. Singapur 12,8
41%
9. Andorra 13,4
40%
11. Portugal 13,6
39%
2. Taiwan 12,4
36%
13. Serbien 14,1
35%
8. Bosnien und Herzegowina 13,2
31%
15. Kroatien 14,2
31%
13. Rumänien 14,1
31%
4. Katar 12,8
21%
Keine übereinstimmenden Quizze gefunden
Verteilung der Resultate
Anzahl Personen mit jedem Resultat
Perzentil nach korrekt beantworteten Fragen
Ihre Resultats-Entwicklung
Sie haben dieses Quiz seit der letzten Aktualisierung nicht gespielt